Riesgos psicosociales laborales (Registro nro. 13420)
[ vista simple ]
| 000 -Cabecera | |
|---|---|
| Campo de control de longitud fija | 00922nam a22003497a 4500 |
| 005 - Fecha y hora de la última transacción | |
| Campo de control | 20250521133133.0 |
| 008 - Elementos de longitud fija--Información general | |
| Campo de control de longitud fija | 230220b2021 |||||||| |||| 00| 0 spa d |
| 020 ## - International Standard Book Number | |
| Número Internacional Estándar del Libro (ISBN) | 9789587922721 |
| 041 ## - Idioma | |
| Código de idioma | Español |
| 082 ## - Clasificación Decimal Dewey | |
| Número de clasificación | 613.62 M798r |
| 100 ## - Entrada principal--Autor personal | |
| Nombre personal | Montoya Agudelo, César Alveiro |
| 245 ## - Título propiamente dicho | |
| Título | Riesgos psicosociales laborales |
| 260 ## - Pie de imprenta | |
| Lugar de publicación, distribución, etc. | Colombia |
| 260 ## - Pie de imprenta | |
| Nombre del editor, distribuidor, etc. | Ediciones de la U |
| 260 ## - Pie de imprenta | |
| Fecha de publicación, distribución, etc. | 2021 |
| 300 ## - Descripción física | |
| Extensión | 288 páginas |
| 365 ## - TRADE PRICE | |
| Price amount | ¢12.000 |
| Price note | Fecha de compra: 17/11/2022 |
| 650 ## - Materia general | |
| Temática (materia general) | SALUD OCUPACIONAL |
| 650 ## - Materia general | |
| Temática (materia general) | RIESGOS PSICOSOCIALES |
| 650 ## - Materia general | |
| Temática (materia general) | SALUD LABORAL |
| 650 ## - Materia general | |
| Temática (materia general) | ESTRÉS LABORAL |
| 650 ## - Materia general | |
| Temática (materia general) | SÍNDROME DE BURNOUT |
| 650 ## - Materia general | |
| Temática (materia general) | ACOSO LABORAL |
| 650 ## - Materia general | |
| Temática (materia general) | MOOBING |
| 650 ## - Materia general | |
| Temática (materia general) | ACOSO PSICOLÓGICO |
| 650 ## - Materia general | |
| Temática (materia general) | ACOSO SEXUAL |
| 650 ## - Materia general | |
| Temática (materia general) | EVALUACIÓN DE RIESGOS |
| 650 ## - Materia general | |
| Temática (materia general) | COVID 19 |
| 650 ## - Materia general | |
| Temática (materia general) | TELETRABAJO |
| 650 ## - Materia general | |
| Temática (materia general) | CULTURA ORGANIZACIONAL |
| 942 ## - Punto de acceso adicional KOHA | |
| Tipo de ítem KOHA | Libro |
| Fuente del sistema de clasificación o colocación | Dewey Decimal Classification |
| Signatura completa | Código de barras | Programa Académico | Tipo de ítem |
|---|---|---|---|
| 613.62 M798r | 25640 | Dirección y Administración de Empresas | Libro |